000 01080nam0a2200289 4500
001 RU\NLR\BIBL_A\022475215
005 20250806203455.0
035 _a(NLR Aleph) 022475215
090 _a85008
_c85008
100 _a20250228d1941 u y0rusy50 ca
101 0 _aaze
102 _aAZ
105 _acа z 000 y
181 0 _ai
_baxxe
182 0 _an
200 1 _aОху китабы
_eибтидаи мәктәбин 4-ҹү синфи үчүн
_fМәммәд Ариф Дадашзадә
203 _aТекст
_bвизуальный
_cнепосредственный
205 _aИкинҹи стереотип чапы
210 _aБаки
_cАзәрнәшр. Тәдрис-педагожи шѳ'бәси
_d1941
215 _a116 с
_cпортр., ил.
_d22 см
541 1 _aКнига для чтения
_eдля 4-го кл. нач. шк.
_zrus
700 1 _aДадашзаде
_bМ. А.
_4070
852 _aNLR
_bОНЛ
_jАзерб./3-1701
942 _cBOOK
945 _aРоссийская национальная библиотека
980 _aBV